Central Library OPAC University of Rajshahi

মাহী সন্তোষের ইতিহাস / (Record no. 38694)

MARC details
000 -LEADER
fixed length control field 00770nam a2200217 a 4500
001 - CONTROL NUMBER
control field 38694
003 - CONTROL NUMBER IDENTIFIER
rucl marc code BD-RjUL
005 - DATE AND TIME OF LATEST TRANSACTION
control field 20211209052837.0
008 - FIXED-LENGTH DATA ELEMENTS--GENERAL INFORMATION
fixed length control field 160208s1996 bg a|||| |||| 00| 0 ben d
035 ## - SYSTEM CONTROL NUMBER
System control number (BD-RjUL)38803
040 ## - CATALOGING SOURCE
Original cataloging agency BD-RjUL
Language of cataloging eng
Transcribing agency BD-RjUL
041 ## - LANGUAGE CODE
Language code of text/sound track or separate title eng
082 ## - DEWEY DECIMAL CLASSIFICATION NUMBER
Classification number 954.14
Author mark and year KAM 1996
100 ## - MAIN ENTRY--PERSONAL NAME
Personal name করিম, মোঃ আব্দুল
9 (RLIN) 119383
245 ## - TITLE STATEMENT
Title মাহী সন্তোষের ইতিহাস /
Statement of responsibility, etc. মোঃ আব্দুল করিম
260 ## - PUBLICATION, DISTRIBUTION, ETC. (IMPRINT)
Place of publication, distribution, etc. রাজশাহী :
Name of publisher, distributor, etc. এম, এ, করিম,
Date of publication, distribution, etc. ১৯৯৬
300 ## - PHYSICAL DESCRIPTION
Pagination ৬০ পৃ. ;
Size ২২ সেমি.
650 ## - SUBJECT ADDED ENTRY--TOPICAL TERM
Topical term or geographic name as entry element বাংলা (ভারত)
General subdivision ইতিহাস
9 (RLIN) 119384
Topical term or geographic name as entry element Bengal (India)
General subdivision history
9 (RLIN) 116615
942 ## - ADDED ENTRY ELEMENTS (KOHA)
Source of classification or shelving scheme Dewey Decimal Classification
Koha item type Books
Holdings
Lost status Source of classification or shelving scheme Damaged status Not for loan Collection code Permanent Location Current Location Shelving location Date acquired Source of acquisition Total Checkouts Full call number Date last seen Date checked out Copy number Koha item type Cost, normal purchase price
  Dewey Decimal Classification     Non-fiction Central Library, University of Rajshahi Central Library, University of Rajshahi   02/09/1996 Kolikata, India International 2 B 954.14 KAM 1996 16/03/2023 06/03/2023 C-2 Books  
  Dewey Decimal Classification     Non-fiction Central Library, University of Rajshahi Central Library, University of Rajshahi   02/09/1996 India Interkoli 1 B 954.14 KAM 1996 04/06/2018 05/03/2018 C-3 Books 35.00
  Dewey Decimal Classification   Not For Loan Non-fiction Central Library, University of Rajshahi Central Library, University of Rajshahi Reading Room 02/09/1996 Kolikata, India International   B 954.14 KAM 1996 23/04/2017   C-1 Books 35.00
  Dewey Decimal Classification     Non-fiction Central Library, University of Rajshahi Central Library, University of Rajshahi   02/09/1996 Abdul karim   B 954.14 KAM 1996 29/10/2018   C-4 Books 37.00